000 00489nam a2200169 i 4500
001 115774
003 ES-MaACL
005 20230906190544.0
007 t|
008 070511s1969 sp ||||1| spa d
110 2 _aUniversidad de Oviedo.
_97260
245 1 0 _aAnuario de la Universidad de Oviedo
_b: (1968-1969).
260 _aOviedo :
_bUniversidad de Oviedo,
_c[1969]
300 _a108 p., 4 lám. ;
_c21 cm.
610 2 4 _aUniversidad de Oviedo.
_97260
852 _aES-MaACL
_jC-48438
999 _c115774
_d115774